[Event "Oberliga Ost-B 2324"]
[Site "Germany"]
[Date "2024.03.17"]
[Round "9.8"]
[White "Prudlo, Simon"]
[Black "Pichl, Christoph"]
[Result "0-1"]
[WhiteElo "2139"]
[BlackElo "1803"]
[PlyCount "52"]
[EventDate "2023.10.22"]
[EventType "team-tourn"]
[EventRounds "11"]
[EventCountry "GER"]
[SourceTitle "EXT 2025"]
[Source "ChessBase"]
[SourceDate "2024.10.14"]
[SourceVersion "1"]
[SourceVersionDate "2024.10.14"]
[SourceQuality "1"]
[WhiteTeam "Heusenstamm"]
[BlackTeam "Bad Homburg"]
[WhiteTeamCountry "GER"]
[BlackTeamCountry "GER"]

1. e4 e6 2. d4 d5 3. Nd2 c5 4. exd5 Qxd5 5. Ngf3 cxd4 6. Bc4 Qd8 7. 0-0 Nf6 8. Nb3 Be7 9. Bf4 0-0 10. Nbxd4 b6 11. Bxb8 Rxb8 12. Nc6 Qc7 13. Nxb8 Qxc4 14. Ne5 Qc7 15. Nbc6 Bd6 16. f4 Nd5 17. Qe2 f6 18. c4 Bc5+ 19. Kh1 Ne3 20. b4 fxe5 21. bxc5 Nxf1 22. Nxe5 Rxf4 23. cxb6 axb6 24. Nf3 Nxh2 25. Nxh2 Rh4 26. g4 Qg3 0-1

[Event "Oberliga Ost-B 2324"]
[Site "Germany"]
[Date "2024.01.14"]
[Round "5.7"]
[White "Prudlo, Simon"]
[Black "Loemker, Axel"]
[Result "1/2-1/2"]
[WhiteElo "2139"]
[BlackElo "2131"]
[PlyCount "102"]
[EventDate "2023.10.22"]
[EventType "team-tourn"]
[EventRounds "11"]
[EventCountry "GER"]
[SourceTitle "EXT 2025"]
[Source "ChessBase"]
[SourceDate "2024.10.14"]
[SourceVersion "1"]
[SourceVersionDate "2024.10.14"]
[SourceQuality "1"]
[WhiteTeam "Heusenstamm"]
[BlackTeam "Schoeneck"]
[WhiteTeamCountry "GER"]
[BlackTeamCountry "GER"]

1. e4 e6 2. d4 d5 3. Nd2 c5 4. exd5 Qxd5 5. Ngf3 Nf6 6. Bc4 Qd8 7. 0-0 Nc6 8. Nb3 cxd4 9. Nbxd4 Nxd4 10. Nxd4 a6 11. Bf4 Bc5 12. Nb3 Qxd1 13. Rfxd1 Be7 14. Be2 Nd5 15. Bg3 Bd7 16. Bf3 Rc8 17. c3 b5 18. Bxd5 exd5 19. Rxd5 Be6 20. Rd2 Rd8 21. Rxd8+ Kxd8 22. Nd4 Bd7 23. Be5 f6 24. Bf4 Re8 25. Be3 Kc8 26. Rc1 Bc5 27. Nc2 Bd6 28. Bd4 Be6 29. b3 Bf7 30. Ne3 Bf4 31. h4 Kc7 32. Kf1 Kc6 33. Ke2 a5 34. Rb1 a4 35. bxa4 bxa4 36. Rb6+ Kc7 37. Rb4 Bxa2 38. Bb6+ Kc6 39. Rxf4 Kxb6 40. Rxa4 Bd5 41. Rd4 Bxg2 42. Rg4 Be4 43. Rxg7 Kc6 44. Ng4 Re6 45. Ke3 f5 46. Nh2 Rh6 47. Nf3 Kd5 48. c4+ Kxc4 49. Ng5 Rxh4 50. Rxh7 Rxh7 51. Nxh7 Kd5 1/2-1/2

[Event "GER CupT V5"]
[Site "Juechen Priesterath"]
[Date "2015.01.10"]
[Round "1.4"]
[White "Prudlo, Simon"]
[Black "Kopp, Nico"]
[Result "1-0"]
[WhiteElo "2182"]
[BlackElo "2113"]
[PlyCount "65"]
[EventDate "2015.01.10"]
[EventType "team-k.o."]
[EventRounds "2"]
[EventCountry "GER"]
[SourceTitle "EXT 2019"]
[Source "ChessBase"]
[SourceDate "2018.10.10"]
[SourceVersion "1"]
[SourceVersionDate "2018.10.10"]
[SourceQuality "1"]
[WhiteTeam "Heusenstamm"]
[BlackTeam "Landau"]
[WhiteTeamCountry "GER"]
[BlackTeamCountry "GER"]

1. e4 e5 2. Bc4 Nf6 3. d3 c6 4. Nf3 d5 5. Bb3 Bd6 6. Nc3 Be6 7. Bg5 Bc7 8. d4 dxe4 9. Nxe4 Bxb3 10. axb3 0-0 11. Nxf6+ gxf6 12. Bh6 Re8 13. 0-0 Kh8 14. Nh4 Rg8 15. Qh5 Qd7 16. Nf5 Na6 17. dxe5 Bxe5 18. Rad1 Qe6 19. Rd3 Rg5 20. Bxg5 Qxf5 21. Bxf6+ Qxf6 22. Rf3 Qe6 23. Rh3 h6 24. Re1 Re8 25. Rhe3 f6 26. Qxh6+ Kg8 27. Rg3+ Bxg3 28. Rxe6 Bxf2+ 29. Kxf2 Rxe6 30. Qg6+ Kf8 31. h4 Nc5 32. h5 Ne4+ 33. Kg1 1-0

[Event "Oberliga Ost-B 1415"]
[Site "Germany"]
[Date "2014.11.09"]
[Round "4.8"]
[White "Schmuck, Helmut"]
[Black "Prudlo, Simon"]
[Result "1/2-1/2"]
[WhiteElo "2113"]
[BlackElo "2170"]
[PlyCount "73"]
[EventDate "2014.09.21"]
[EventType "team-tourn"]
[EventRounds "11"]
[EventCountry "GER"]
[SourceTitle "EXT 2016"]
[Source "ChessBase"]
[SourceDate "2015.10.08"]
[SourceVersion "1"]
[SourceVersionDate "2015.10.08"]
[SourceQuality "1"]
[WhiteTeam "Erfurt Empor"]
[BlackTeam "Heusenstamm"]
[WhiteTeamCountry "GER"]
[BlackTeamCountry "GER"]

1. d4 Nf6 2. c4 g6 3. Nc3 Bg7 4. e4 0-0 5. f3 c5 6. d5 d6 7. Be3 e6 8. Qd2 exd5 9. cxd5 Re8 10. Be2 Na6 11. g4 Bxg4 12. fxg4 Nxe4 13. Nxe4 Rxe4 14. Bf3 Qh4+ 15. Kf1 Rb4 16. Rb1 Qe7 17. Bf2 Be5 18. Kg2 Qf6 19. b3 c4 20. Ne2 c3 21. Qc2 Rc8 22. a3 Rb5 23. b4 Nc7 24. a4 Rxd5 25. Bxd5 Nxd5 26. Qe4 Qe6 27. h3 Rc4 28. Qf3 Nxb4 29. Qxb7 Nd3 30. Qf3 Nxf2 31. Kxf2 Rxa4 32. Rhc1 Ra2 33. Re1 Qc4 34. Kg1 Rd2 35. Rbc1 Rd3 36. Qg2 Re3 37. Kh1 1/2-1/2

[Event "Oberliga Ost-B 1314"]
[Site "Germany"]
[Date "2014.04.05"]
[Round "10.4"]
[White "Reipsch, Jens"]
[Black "Prudlo, Simon"]
[Result "1-0"]
[WhiteElo "2196"]
[BlackElo "2169"]
[PlyCount "49"]
[EventDate "2013.10.13"]
[EventType "team-tourn"]
[EventRounds "11"]
[EventCountry "GER"]
[SourceTitle "EXT 2015"]
[Source "ChessBase"]
[SourceDate "2014.11.20"]
[SourceVersion "1"]
[SourceVersionDate "2014.11.20"]
[SourceQuality "1"]
[WhiteTeam "Halle"]
[BlackTeam "Heusenstamm"]
[WhiteTeamCountry "GER"]
[BlackTeamCountry "GER"]

1. e4 e6 2. d4 d5 3. Nd2 Nf6 4. e5 Nfd7 5. Bd3 c5 6. c3 Nc6 7. Ne2 cxd4 8. cxd4 f6 9. exf6 Nxf6 10. Nf3 Qc7 11. 0-0 Bd6 12. Bg5 0-0 13. Rc1 Bd7 14. a3 Be8 15. b4 a6 16. Bh4 Bh5 17. Ng3 Bxf3 18. Qxf3 Nxd4 19. Qe3 Qb6 20. Rcd1 e5 21. Nf5 Rae8 22. Bxf6 gxf6 23. Qg3+ Kf7 24. Qg7+ Ke6 25. Nxd4+ 1-0

[Event "Hofheim Spring op-A 1st"]
[Site "Hofheim"]
[Date "2013.04.06"]
[Round "8"]
[White "Roessler, Frank Peter"]
[Black "Prudlo, Simon"]
[Result "0-1"]
[WhiteElo "2004"]
[BlackElo "2211"]
[PlyCount "59"]
[EventDate "2013.04.02"]
[EventType "swiss"]
[EventRounds "9"]
[EventCountry "GER"]
[SourceTitle "CBM 153 Extra"]
[Source "ChessBase"]
[SourceDate "2013.04.22"]
[SourceVersion "1"]
[SourceVersionDate "2013.04.22"]
[SourceQuality "1"]

1. e4 e6 2. d4 d5 3. exd5 exd5 4. Nf3 Nf6 5. c4 Be7 6. Nc3 0-0 7. Bd3 Bg4 8. Be3 Nc6 9. c5 b6 10. Qa4 Bd7 11. Bb5 Qe8 12. b4 a6 13. Bxc6 Bxc6 14. Qc2 a5 15. 0-0 axb4 16. Ne2 bxc5 17. dxc5 Bb5 18. Rfe1 Bc4 19. Bd4 Rxa2 20. Rxa2 b3 21. Qf5 bxa2 22. Nf4 Qd8 23. Ng5 h6 24. Nf3 Ne4 25. Qg4 Bf6 26. Ne5 Bxe5 27. Bxe5 Qg5 28. Qxg5 hxg5 29. Ne2 Re8 30. Ba1 0-1

[Event "Hofheim Spring op-A 1st"]
[Site "Hofheim"]
[Date "2013.04.04"]
[Round "4"]
[White "Buckels, Valentin"]
[Black "Prudlo, Simon"]
[Result "1-0"]
[WhiteElo "1928"]
[BlackElo "2211"]
[PlyCount "80"]
[EventDate "2013.04.02"]
[EventType "swiss"]
[EventRounds "9"]
[EventCountry "GER"]
[SourceTitle "CBM 153 Extra"]
[Source "ChessBase"]
[SourceDate "2013.04.22"]
[SourceVersion "1"]
[SourceVersionDate "2013.04.22"]
[SourceQuality "1"]

1. d4 Nf6 2. c4 g6 3. g3 Bg7 4. Bg2 0-0 5. Nf3 d6 6. 0-0 Nbd7 7. Qc2 e5 8. Rd1 Re8 9. dxe5 dxe5 10. e4 Qe7 11. b3 Nc5 12. Nc3 Nfd7 13. Ba3 Bf8 14. Nd5 Qd8 15. Bh3 c6 16. Ne3 Qf6 17. Bg2 a5 18. Bb2 h5 19. Bc3 Bg7 20. Rab1 Qe7 21. b4 axb4 22. Bxb4 Qf6 23. h4 Bf8 24. Ne1 Ne6 25. Bxf8 Nd4 26. Qb2 Nxf8 27. c5 Nd7 28. Rdc1 Qe7 29. Nd3 Ra5 30. Qd2 Ra4 31. Rb2 Rd8 32. Qd1 Ra5 33. Nc4 Rb5 34. a4 Rxb2 35. Ncxb2 Nf8 36. Nc4 f6 37. Nd6 Be6 38. Rb1 b5 39. axb5 cxb5 40. Nb4 Qc7 1-0

[Event "Hofheim Spring op-A 1st"]
[Site "Hofheim"]
[Date "2013.04.03"]
[Round "3"]
[White "Prudlo, Simon"]
[Black "Clitan, Zaharia"]
[Result "1/2-1/2"]
[WhiteElo "2211"]
[BlackElo "2024"]
[PlyCount "48"]
[EventDate "2013.04.02"]
[EventType "swiss"]
[EventRounds "9"]
[EventCountry "GER"]
[SourceTitle "CBM 153 Extra"]
[Source "ChessBase"]
[SourceDate "2013.04.22"]
[SourceVersion "1"]
[SourceVersionDate "2013.04.22"]
[SourceQuality "1"]

1. e4 e5 2. Bc4 Nf6 3. d3 Be7 4. Nc3 c6 5. Nf3 d6 6. a4 0-0 7. 0-0 Bg4 8. Qe2 Nbd7 9. Ba2 a5 10. Nd1 Re8 11. Ne3 Bh5 12. Nf5 Bf8 13. Ng3 Bg6 14. h3 d5 15. Bg5 Qc7 16. Nh4 Rad8 17. Rfe1 Bc5 18. Qf3 dxe4 19. dxe4 Be7 20. Ngf5 Nc5 21. Nh6+ gxh6 22. Bxf6 Bxf6 23. Qxf6 Nxe4 24. Bxf7+ Qxf7 1/2-1/2

[Event "Hessenliga 1213"]
[Site "Germany"]
[Date "2013.03.03"]
[Round "7.4"]
[White "Bollmann, Henrik"]
[Black "Prudlo, Simon"]
[Result "1/2-1/2"]
[WhiteElo "2133"]
[BlackElo "2211"]
[PlyCount "51"]
[EventDate "2012.09.16"]
[EventType "team-tourn"]
[EventRounds "9"]
[EventCountry "GER"]
[SourceTitle "EXT 2014"]
[Source "ChessBase"]
[SourceDate "2013.11.20"]
[SourceVersion "1"]
[SourceVersionDate "2013.11.20"]
[SourceQuality "1"]
[WhiteTeam "Bad Nauheim"]
[BlackTeam "Heusenstamm"]
[WhiteTeamCountry "GER"]
[BlackTeamCountry "GER"]

1. c4 Nf6 2. Nf3 c5 3. g3 g6 4. Bg2 Bg7 5. 0-0 0-0 6. Nc3 Nc6 7. d4 cxd4 8. Nxd4 Ng4 9. e3 d6 10. b3 Bd7 11. Bb2 Nf6 12. Qd2 Qa5 13. Rfd1 Qh5 14. Nd5 Nxd5 15. cxd5 Nxd4 16. Bxd4 Bxd4 17. Qxd4 Rfc8 18. Qb2 Qh6 19. Rac1 Qf8 20. Rd2 Rxc1+ 21. Qxc1 Rc8 22. Rc2 Rxc2 23. Qxc2 Qc8 24. Qxc8+ Bxc8 25. Kf1 a5 26. a3 1/2-1/2

[Event "Hessenliga 1213"]
[Site "Germany"]
[Date "2012.11.04"]
[Round "3.4"]
[White "Prudlo, Simon"]
[Black "Schmidt, Walter"]
[Result "0-1"]
[WhiteElo "2211"]
[BlackElo "2217"]
[PlyCount "52"]
[EventDate "2012.09.16"]
[EventType "team-tourn"]
[EventRounds "9"]
[EventCountry "GER"]
[SourceTitle "EXT 2014"]
[Source "ChessBase"]
[SourceDate "2013.11.20"]
[SourceVersion "1"]
[SourceVersionDate "2013.11.20"]
[SourceQuality "1"]
[WhiteTeam "Heusenstamm"]
[BlackTeam "Bad Homburg"]
[WhiteTeamCountry "GER"]
[BlackTeamCountry "GER"]

1. e4 c5 2. Nc3 e6 3. Nge2 a6 4. g3 b5 5. Bg2 Bb7 6. d4 cxd4 7. Nxd4 Nf6 8. 0-0 b4 9. Nd5 exd5 10. exd5 Bc5 11. Re1+ Kf8 12. Nf5 d6 13. Bf4 Bc8 14. Nd4 h6 15. Qd2 Ra7 16. a3 g5 17. axb4 gxf4 18. bxc5 dxc5 19. Qxf4 cxd4 20. Qxb8 Rb7 21. Qf4 Rxb2 22. Rac1 Qb6 23. d6 Kg7 24. Re7 Rb1 25. Rf1 Rd8 26. Bd5 Rxf1+ 0-1

[Event "Hessenliga 1213"]
[Site "Germany"]
[Date "2012.10.07"]
[Round "2.5"]
[White "Prudlo, Simon"]
[Black "Heck, Stefan"]
[Result "1/2-1/2"]
[WhiteElo "2211"]
[BlackElo "2048"]
[PlyCount "95"]
[EventDate "2012.09.16"]
[EventType "team-tourn"]
[EventRounds "9"]
[EventCountry "GER"]
[SourceTitle "EXT 2014"]
[Source "ChessBase"]
[SourceDate "2013.11.20"]
[SourceVersion "1"]
[SourceVersionDate "2013.11.20"]
[SourceQuality "1"]
[WhiteTeam "Heusenstamm"]
[BlackTeam "Steinbach"]
[WhiteTeamCountry "GER"]
[BlackTeamCountry "GER"]

1. e4 c5 2. Nc3 Nc6 3. Nge2 g6 4. d4 cxd4 5. Nxd4 Bg7 6. Nde2 Nf6 7. g3 d6 8. Bg2 a6 9. a4 Bd7 10. 0-0 0-0 11. Nd5 Nxd5 12. exd5 Na5 13. Ra2 Qc7 14. b3 b5 15. axb5 axb5 16. Be3 Nb7 17. Qb1 b4 18. Rc1 Rfc8 19. Nd4 Nd8 20. h4 h5 21. Be4 Qc3 22. Ne2 Qe5 23. Rxa8 Rxa8 24. c4 Qb2 25. Qxb2 Bxb2 26. Rc2 Ra1+ 27. Kg2 Be5 28. f4 Bf6 29. c5 dxc5 30. Rxc5 Ra2 31. Rc2 Rxc2 32. Bxc2 Bb5 33. Nd4 Bxd4 34. Bxd4 Nb7 35. f5 gxf5 36. Bxf5 Be2 37. Bc2 Bg4 38. Kf2 e6 39. dxe6 Bxe6 40. Bb6 Kg7 41. Ke3 Kf6 42. Bd4+ Ke7 43. Bd1 Kd7 44. Kf4 Kd6 45. Be5+ Ke7 46. Bd4 Kd6 47. Bg7 Ke7 48. Bd4 1/2-1/2

[Event "Hessenliga 1112"]
[Site "Germany"]
[Date "2012.04.29"]
[Round "8.3"]
[White "Bollmann, Henrik"]
[Black "Prudlo, Simon"]
[Result "1/2-1/2"]
[WhiteElo "2133"]
[BlackElo "2239"]
[PlyCount "120"]
[EventDate "2011.09.25"]
[EventType "team-tourn"]
[EventRounds "9"]
[EventCountry "GER"]
[SourceTitle "EXT 2013"]
[Source "ChessBase"]
[SourceDate "2012.11.22"]
[SourceVersion "1"]
[SourceVersionDate "2012.11.22"]
[SourceQuality "1"]
[WhiteTeam "Bad Nauheim"]
[BlackTeam "Heusenstamm"]
[WhiteTeamCountry "GER"]
[BlackTeamCountry "GER"]

1. c4 Nf6 2. Nf3 g6 3. g3 Bg7 4. Bg2 c5 5. 0-0 0-0 6. Nc3 Nc6 7. d4 cxd4 8. Nxd4 Ng4 9. e3 d6 10. h3 Nge5 11. b3 Rb8 12. Bb2 a6 13. Nxc6 bxc6 14. Qe2 Qc7 15. c5 d5 16. Na4 a5 17. e4 e6 18. Rfe1 Nd7 19. Bxg7 Kxg7 20. Rac1 Ra8 21. Qe3 Kg8 22. h4 Rb8 23. h5 Rb4 24. e5 Ba6 25. Rcd1 Bb5 26. a3 Rxa4 27. bxa4 Bxa4 28. Rb1 Bb5 29. hxg6 fxg6 30. Bh3 Re8 31. Qd4 Qa7 32. Rbc1 Bc4 33. Bf1 Bb3 34. Re3 a4 35. Rec3 Qc7 36. Re1 Ra8 37. Bh3 Nf8 38. Qf4 Qe7 39. Bf1 Ra5 40. Rec1 Nd7 41. Qb4 Ra7 42. Re3 Kg7 43. Be2 Qd8 44. Bg4 Nf8 45. Bd1 Bxd1 46. Rxd1 Nd7 47. Kg2 h5 48. Rc1 Qc7 49. g4 hxg4 50. Qxg4 Nf8 51. Rh1 Qe7 52. Rf3 Kg8 53. Qd4 Qg5+ 54. Rg3 Qf5 55. Rgh3 Ra5 56. Qh4 Qe4+ 57. Qxe4 dxe4 58. Rh4 Rxc5 59. Rxe4 Kf7 60. Rf4+ Ke7 1/2-1/2

[Event "Karl Mala Memorial op 14th"]
[Site "Frankfurt"]
[Date "2011.07.10"]
[Round "6"]
[White "Neuner, Johannes"]
[Black "Prudlo, Simon"]
[Result "1-0"]
[WhiteElo "1953"]
[BlackElo "2239"]
[PlyCount "41"]
[EventDate "2011.07.07"]
[EventType "swiss"]
[EventRounds "7"]
[EventCountry "GER"]
[SourceTitle "EXT 2012"]
[Source "ChessBase"]
[SourceDate "2011.11.24"]
[SourceVersion "1"]
[SourceVersionDate "2011.11.24"]
[SourceQuality "1"]

1. d4 Nf6 2. c4 g6 3. g3 c5 4. d5 e6 5. Nc3 exd5 6. cxd5 Bg7 7. Bg2 0-0 8. Nf3 d6 9. 0-0 Na6 10. Nd2 Rb8 11. a4 Nb4 12. Nc4 Ne8 13. Bf4 g5 14. Be3 a6 15. a5 Bd7 16. Nxd6 Nxd6 17. Bxc5 Qc7 18. Bxb4 Rfc8 19. Rc1 Nc4 20. d6 Qd8 21. Nd5 1-0

[Event "Karl Mala Memorial op 14th"]
[Site "Frankfurt"]
[Date "2011.07.08"]
[Round "2"]
[White "Guth, Wolf Dietrich"]
[Black "Prudlo, Simon"]
[Result "0-1"]
[WhiteElo "1975"]
[BlackElo "2239"]
[PlyCount "64"]
[EventDate "2011.07.07"]
[EventType "swiss"]
[EventRounds "7"]
[EventCountry "GER"]
[SourceTitle "EXT 2012"]
[Source "ChessBase"]
[SourceDate "2011.11.24"]
[SourceVersion "1"]
[SourceVersionDate "2011.11.24"]
[SourceQuality "1"]

1. d4 Nf6 2. c4 g6 3. Nc3 Bg7 4. e4 0-0 5. Be2 d6 6. f4 e5 7. fxe5 dxe5 8. d5 Nbd7 9. Be3 Qe7 10. Nh3 Nc5 11. Nf2 a5 12. 0-0 Bd7 13. Rc1 Ne8 14. Nd3 Nxd3 15. Qxd3 f5 16. c5 Kh8 17. d6 cxd6 18. cxd6 Qe6 19. Rfd1 Rc8 20. Qd5 Qxd5 21. Rxd5 a4 22. Nxa4 Rxc1+ 23. Bxc1 Bxa4 24. d7 Bxd7 25. Rxd7 Nf6 26. Rxb7 Rc8 27. Bd2 Nxe4 28. Ba5 Rc1+ 29. Bf1 Bh6 30. g3 Be3+ 31. Kg2 Rc2+ 32. Kh3 Ng5+ 0-1

[Event "Hessenliga 1011"]
[Site "Germany"]
[Date "2011.03.13"]
[Round "7.4"]
[White "Nimsch, Helmut"]
[Black "Prudlo, Simon"]
[Result "0-1"]
[WhiteElo "2077"]
[BlackElo "2251"]
[PlyCount "78"]
[EventDate "2010.09.26"]
[EventType "team-tourn"]
[EventRounds "9"]
[EventCountry "GER"]
[SourceTitle "EXT 2012"]
[Source "ChessBase"]
[SourceDate "2011.11.24"]
[SourceVersion "1"]
[SourceVersionDate "2011.11.24"]
[SourceQuality "1"]
[WhiteTeam "Frankfurt BvK II"]
[BlackTeam "Heusenstamm"]
[WhiteTeamCountry "GER"]
[BlackTeamCountry "GER"]

1. d4 Nf6 2. Nf3 g6 3. c4 Bg7 4. Nc3 0-0 5. e4 d6 6. Be2 e5 7. dxe5 dxe5 8. 0-0 Nbd7 9. Qc2 c6 10. Rd1 Qe7 11. a4 a5 12. b3 Re8 13. Ba3 Nc5 14. Rd2 Bh6 15. Rd3 Bf8 16. Rd2 Qc7 17. h3 Qb6 18. Bxc5 Bxc5 19. Bf1 Bb4 20. Re2 Nd7 21. Nd1 Bc5 22. Ne3 Bxe3 23. Rxe3 Nc5 24. Qc3 f6 25. Rc1 Be6 26. Be2 Rad8 27. Nh2 Rd4 28. Qc2 Red8 29. Nf1 Kg7 30. Re1 Qb4 31. Bg4 Bxg4 32. hxg4 Rd3 33. Rb1 Rxe3 34. fxe3 Rd3 35. g5 fxg5 36. Qb2 Qc3 37. Qa3 b6 38. Kh2 Qc2 39. Rc1 Qxb3 0-1

[Event "Hessenliga 1011"]
[Site "Germany"]
[Date "2011.01.23"]
[Round "5.4"]
[White "Prudlo, Simon"]
[Black "Dunsbach, Ralf"]
[Result "1/2-1/2"]
[WhiteElo "2251"]
[BlackElo "2196"]
[PlyCount "148"]
[EventDate "2010.09.26"]
[EventType "team-tourn"]
[EventRounds "9"]
[EventCountry "GER"]
[SourceTitle "EXT 2012"]
[Source "ChessBase"]
[SourceDate "2011.11.24"]
[SourceVersion "1"]
[SourceVersionDate "2011.11.24"]
[SourceQuality "1"]
[WhiteTeam "Heusenstamm"]
[BlackTeam "Bad Homburg"]
[WhiteTeamCountry "GER"]
[BlackTeamCountry "GER"]

1. e4 e5 2. Nf3 Nc6 3. Bc4 Nf6 4. d3 h6 5. Bb3 g6 6. Nbd2 Bg7 7. c3 0-0 8. Qe2 d5 9. Nf1 a5 10. a4 Be6 11. Bc2 Re8 12. h3 Nd7 13. Ne3 dxe4 14. dxe4 Nb6 15. 0-0 Qe7 16. b3 f6 17. Nh4 Qf7 18. Nd5 Nc8 19. Nf3 Nd6 20. c4 Nd4 21. Nxd4 exd4 22. Nf4 f5 23. e5 Bd7 24. Nd3 Ne4 25. Qe1 b6 26. f3 Nc5 27. f4 Nxd3 28. Bxd3 Bf8 29. Kh2 Kh7 30. Ra2 c5 31. Rg1 Be7 32. Re2 Be6 33. Bd2 Rg8 34. Qf1 h5 35. Be1 Kg7 36. Bg3 b5 37. axb5 a4 38. bxa4 Rxa4 39. Rc2 Rga8 40. Qe2 Rb4 41. Rb2 Rxb2 42. Qxb2 Bxc4 43. Bxc4 Qxc4 44. Rc1 Qd5 45. Ra1 Rxa1 46. Qxa1 d3 47. Qa7 Kf8 48. b6 d2 49. b7 Qxb7 50. Qxb7 d1Q 51. Bf2 Qd2 52. Qb8+ Kf7 53. Qb3+ Kg7 54. Qb7 Kf7 55. Qb3+ Ke8 56. Qb5+ Qd7 57. Qc4 Qc6 58. Kg1 Kd7 59. Kh2 Qe4 60. Qxe4 fxe4 61. g4 hxg4 62. hxg4 Ke6 63. Kg3 Kd5 64. Be3 c4 65. Kf2 c3 66. Ke2 g5 67. fxg5 Kxe5 68. Kd1 Kd5 69. Kc2 Kc4 70. g6 Bf8 71. Bg5 Bg7 72. Be3 Kd5 73. Bf2 Ke6 74. Be1 Kf6 1/2-1/2

[Event "Hessenliga 1011"]
[Site "Germany"]
[Date "2010.10.31"]
[Round "2.4"]
[White "Kreiling, Carsten"]
[Black "Prudlo, Simon"]
[Result "1/2-1/2"]
[WhiteElo "2137"]
[BlackElo "2251"]
[PlyCount "108"]
[EventDate "2010.09.26"]
[EventType "team-tourn"]
[EventRounds "9"]
[EventCountry "GER"]
[SourceTitle "EXT 2012"]
[Source "ChessBase"]
[SourceDate "2011.11.24"]
[SourceVersion "1"]
[SourceVersionDate "2011.11.24"]
[SourceQuality "1"]
[WhiteTeam "Eppstein"]
[BlackTeam "Heusenstamm"]
[WhiteTeamCountry "GER"]
[BlackTeamCountry "GER"]

1. d4 Nf6 2. c4 g6 3. Nc3 Bg7 4. e4 d6 5. f3 0-0 6. Be3 Nbd7 7. Nh3 c5 8. Qd2 cxd4 9. Bxd4 Nc5 10. Nf2 a5 11. Be2 Bd7 12. e5 Ne8 13. exd6 Bxd4 14. Qxd4 Ne6 15. dxe7 Nxd4 16. exd8Q Rxd8 17. 0-0-0 Bc6 18. Rhe1 Nc7 19. Bf1 Nce6 20. Ng4 f6 21. Ne3 Kf7 22. Nc2 Nxc2 23. Kxc2 h5 24. Rxd8 Rxd8 25. Rd1 Rc8 26. Nd5 h4 27. g3 Rh8 28. Rd2 hxg3 29. hxg3 Rh1 30. Bg2 Rg1 31. Kc3 Ng7 32. g4 g5 33. Ne3 Ne6 34. Rd1 Rxd1 35. Nxd1 Nf4 36. Bh1 Ng6 37. Ne3 Ne5 38. Nd5 Ke6 39. Kd4 Nxc4 40. Nc7+ Kd7 41. Kxc4 Kxc7 42. Bg2 Kd6 43. Kd4 b6 44. Ke3 Kc5 45. Bf1 Kb4 46. Bd3 Bd5 47. Bb1 a4 48. f4 a3 49. bxa3+ Kxa3 50. fxg5 fxg5 51. Kd4 Bxa2 52. Bd3 Kb4 53. Ke5 Kc3 54. Bb5 Bc4 1/2-1/2

[Event "Karl Mala Memorial op 13th"]
[Site "Frankfurt"]
[Date "2010.07.11"]
[Round "6"]
[White "Prudlo, Simon"]
[Black "Gutacker, Stephan"]
[Result "1-0"]
[WhiteElo "2251"]
[BlackElo "1974"]
[PlyCount "61"]
[EventDate "2010.07.08"]
[EventType "swiss"]
[EventRounds "7"]
[EventCountry "GER"]
[SourceTitle "EXT 2012"]
[Source "ChessBase"]
[SourceDate "2011.11.24"]
[SourceVersion "1"]
[SourceVersionDate "2011.11.24"]
[SourceQuality "1"]

1. e4 e5 2. Nf3 Nc6 3. Bc4 Nf6 4. d4 exd4 5. e5 d5 6. Bb5 Nd7 7. 0-0 Be7 8. Re1 0-0 9. Bxc6 bxc6 10. Nxd4 Nb8 11. Qf3 Qd7 12. Nc3 Qg4 13. Qxg4 Bxg4 14. Be3 Rd8 15. Nb3 Na6 16. Na4 Bh5 17. a3 Bg6 18. Re2 f6 19. Nd4 Nb8 20. exf6 Bxf6 21. Nc5 Bf7 22. c3 a5 23. a4 Re8 24. Rae1 Bxd4 25. Bxd4 Rxe2 26. Rxe2 Na6 27. Nxa6 Rxa6 28. Re7 Ra8 29. Rxc7 Re8 30. f3 Re6 31. Ra7 1-0

[Event "Karl Mala Memorial op 13th"]
[Site "Frankfurt"]
[Date "2010.07.10"]
[Round "4"]
[White "Prudlo, Simon"]
[Black "Schloetterer, Hermann"]
[Result "1-0"]
[WhiteElo "2251"]
[BlackElo "1998"]
[PlyCount "63"]
[EventDate "2010.07.08"]
[EventType "swiss"]
[EventRounds "7"]
[EventCountry "GER"]
[SourceTitle "EXT 2012"]
[Source "ChessBase"]
[SourceDate "2011.11.24"]
[SourceVersion "1"]
[SourceVersionDate "2011.11.24"]
[SourceQuality "1"]

1. e4 c5 2. Nc3 e6 3. Nge2 d5 4. exd5 exd5 5. d4 c4 6. g3 Be6 7. Bg2 Nf6 8. 0-0 Be7 9. Nf4 Bg4 10. Qd2 Nc6 11. Ncxd5 Nxd5 12. Nxd5 0-0 13. c3 Qd7 14. Ne3 Bh3 15. Bxh3 Qxh3 16. Nxc4 Rad8 17. Qe3 Rfe8 18. Qf3 Bf6 19. Be3 Ne7 20. Rae1 Ng6 21. Qxb7 Qf5 22. Bc1 h5 23. Rxe8+ Rxe8 24. Ne3 Qh3 25. Qb5 Re4 26. Qf5 Rg4 27. Nxg4 hxg4 28. f3 Ne7 29. Qxg4 Qh7 30. Bg5 Qd3 31. Bxf6 Nf5 32. Qe4 1-0

[Event "Frankfurt-ch"]
[Site "Frankfurt"]
[Date "2010.05.03"]
[Round "2"]
[White "Kulenovic, Adnan"]
[Black "Prudlo, Simon"]
[Result "0-1"]
[WhiteElo "1799"]
[BlackElo "2251"]
[PlyCount "72"]
[EventDate "2010.04.26"]
[EventType "swiss"]
[EventRounds "7"]
[EventCountry "GER"]
[SourceTitle "EXT 2011"]
[Source "ChessBase"]
[SourceDate "2010.11.26"]
[SourceVersion "1"]
[SourceVersionDate "2010.11.26"]
[SourceQuality "1"]

1. e4 e6 2. d4 d5 3. Be3 dxe4 4. f3 Nh6 5. Qd2 Nf5 6. fxe4 Nxe3 7. Qxe3 c5 8. Nf3 cxd4 9. Qxd4 Bd7 10. Bd3 Nc6 11. Qe3 Qa5+ 12. Nbd2 Bc5 13. Qg5 0-0 14. 0-0-0 f6 15. Qh5 Be8 16. Qh3 Qxa2 17. c3 Be3 18. Rhe1 Bh6 19. g4 Nb4 20. Bb1 Qa6 21. g5 fxg5 22. Nd4 g4 23. Qxg4 Ba4 24. Qxe6+ Qxe6 25. Nxe6 Rf2 26. cxb4 Rc8+ 27. Nc5 Bxd1 28. Ba2+ Kf8 29. Rxd1 b6 30. Kc2 bxc5 31. b5 Rd8 32. Bd5 Rxh2 33. Kc3 Rxd2 34. Rxd2 Bxd2+ 35. Kxd2 Ke7 36. Kc3 Rxd5 0-1